| Tag |
First Indicator |
Second Indicator |
Subfields |
| LEADER |
00000cam a2200000 4500 |
| 001 |
in00000047843 |
| 005 |
20151007075547.0 |
| 008 |
721109s1960 enka b 00000 eng u |
| 010 |
|
|
|a 60052189
|
| 035 |
|
|
|a (OCoLC)00490668
|
| 035 |
|
|
|9 AAF3429AM
|
| 040 |
|
|
|c CWR
|d TXA
|d UtOrBLW
|
| 049 |
|
|
|a TXAM
|c [405347]
|
| 050 |
|
0 |
|a QL752
|b .B3
|
| 092 |
|
|
|a 591.5018
|b B291s, 1960
|
| 100 |
1 |
|
|a Bartlett, M. S.
|q (Maurice Stevenson)
|
| 245 |
1 |
0 |
|a Stochastic population models in ecology and epidemiology.
|
| 264 |
|
1 |
|a London :
|b Methuen;
|a New York :
|b Wiley,
|c [1960]
|
| 300 |
|
|
|a 90 pages :
|b illustrations ;
|c 19 cm.
|
| 336 |
|
|
|a text
|b txt
|2 rdacontent
|
| 337 |
|
|
|a unmediated
|b n
|2 rdamedia
|
| 338 |
|
|
|a volume
|b nc
|2 rdacarrier
|
| 490 |
1 |
|
|a Methuen's monographs on applied probability and statistics
|
| 504 |
|
|
|a Includes bibliography.
|
| 650 |
|
0 |
|a Animal populations.
|
| 650 |
|
0 |
|a Epidemics.
|
| 650 |
|
0 |
|a Biomathematics.
|
| 740 |
0 |
|
|a Population models in ecology and epidemiology.
|
| 830 |
|
0 |
|a Methuen's monographs on applied probability and statistics.
|
| 999 |
|
|
|a MARS
|
| 999 |
f |
f |
|s 6d6c8e5d-ec0f-30b0-bd10-389d97618557
|i c1d39622-2c77-3391-9556-c0b909c32211
|t 0
|
| 952 |
f |
f |
|p ric
|a Texas A&M University
|b Rellis Campus
|c Joint Library Facility
|d Remote Storage
|t 0
|e QL752 .B3
|h Library of Congress classification
|i unmediated -- volume
|m A14801007955
|
| 998 |
f |
f |
|a QL752 .B3
|t 0
|l Remote Storage
|